000 00502nam a22001697a 4500
999 _c9625
_d9625
008 210915b ||||| |||| 00| 0 eng d
040 _aBMS College of Architecture
100 _aVatsala, K Lakshmi
245 _aPort of call
300 _aNo
500 _a1BM15AT041
502 _8B.Arch
_NBMS College of Architecture, Visvesvaraya Technological University (VTU)
_aProject report
_d2019
650 _aNo
700 _aSanal Suresh Karayil
_eGuide
700 _aMamta Verma
_eGuide
942 _2ddc
_cTHE